000 00507nam a2200193Ia 4500
005 20250508153013.0
008 008 250505s9999 xx 000 0 eng d
037 _aTextual
040 _aFEDL
_beng
_cFEDL
041 _aeng
_2eng
084 _a100.4, ELW
_qFEDL
100 _aElwin Verrier
245 0 _aPhilosophy of love
260 _aDelhi, India
_bPublications Division
_c1962
300 _a114p.
650 _aPhilosophy
942 _cTEXL
_h100.4, ELW
999 _c1340100
_d1340100